Recognition of qualification in the European Union and related (extra) judicial issues

Cieľom článku je priblížiť a zhodnotiť mechanizmy riešenia problémov na vnútornom trhu EÚ spôsobené transpozičným deficitom alebo zlým uplatňovaním acquis communautaire v členských štátoch EÚ s prihliadnutím na uznávanie kvalifikácie v EÚ a súvisiacimi (mimo)súdnymi otázkami.

Saved in:
Bibliographic Details
Main Author: Báráňová-Čiderová, Denisa, 1977-
Other Authors: Hrvolová, Martina
Format: Book Chapter
Language:English
Subjects:
Tags: Add Tag
No Tags, Be the first to tag this record!

MARC

LEADER 00000nla$a2200000$$$4500
001 0054980
005 20240502071630.2
041 0 |a eng 
044 |a SK 
245 1 0 |a Recognition of qualification in the European Union and related (extra) judicial issues  |c Denisa Čiderová, Martina Hrvolová 
520 |a Cieľom článku je priblížiť a zhodnotiť mechanizmy riešenia problémov na vnútornom trhu EÚ spôsobené transpozičným deficitom alebo zlým uplatňovaním acquis communautaire v členských štátoch EÚ s prihliadnutím na uznávanie kvalifikácie v EÚ a súvisiacimi (mimo)súdnymi otázkami. 
610 2 0 |a trh práce 
610 2 0 |a zamestnanosť 
610 2 0 |a sily pracovné 
610 2 0 |a migrácia 
610 2 0 |a pohyb síl pracovných medzinárodný 
610 2 0 |a kvalifikácia 
610 2 0 |a Európska únia 
100 1 |a Báráňová-Čiderová, Denisa, 1977- 
700 1 |a Hrvolová, Martina